000 00187nam a2200073Ia 4500
008 170817s9999 xx 000 0 und d
100 _aEDIGE MARLOW
245 0 _aRELEVANCY IN ELEMENTRY CURICULLUM
260 _bD.P.H . PUB.
999 _c36701
_d36701